[Event "Rabat (blitz) 2015"]
[Site "Rabat MAR"]
[Date "2015.05.16"]
[Round "10"]
[White "L'Ami, Erwin"]
[Black "Fedorchuk, Sergey A"]
[Result "1/2-1/2"]
[WhiteElo "2635"]
[BlackElo "2657"]
[PlyCount "145"]
[EventDate "2015.05.16"]

1. d4 Nf6 2. c4 e6 3. Nf3 b6 4. g3 Bb7 5. Bg2 Bb4+ 6. Bd2 a5 7. O-O O-O 8. Nc3
d6 9. Qc2 Nbd7 10. Rad1 Bxc3 11. Bxc3 Be4 12. Qc1 Qb8 13. Bh3 b5 14. Nd2 bxc4
15. Nxc4 a4 16. Ne3 Qb5 17. Rfe1 Qh5 18. Bf1 Nb6 19. f3 Bb7 20. Ng2 Rfc8 21. a3
Qb5 22. e4 Qd7 23. Ne3 Ba6 24. Bh3 Nc4 25. d5 Nxe3 26. Bxf6 gxf6 27. Rxe3 Qe7
28. Rc3 Ra7 29. Qc2 Bb5 30. Rc1 Bd7 31. dxe6 Bxe6 32. Bf1 c5 33. Qd2 Rb8 34.
Bc4 Rab7 35. R1c2 Bxc4 36. Rxc4 Rb3 37. Kg2 Qe5 38. f4 Qe6 39. Rxa4 Qg4 40. Qf2
Rd3 41. Qe2 Qxe2+ 42. Rxe2 Rdb3 43. Ra6 Rxb2 44. Kf2 Rxe2+ 45. Kxe2 Rb2+ 46.
Kd3 Rxh2 47. Rxd6 Rg2 48. a4 Rxg3+ 49. Kc4 Ra3 50. Kb5 c4 51. Rxf6 c3 52. Rc6
Kg7 53. Kb4 Ra1 54. Rxc3 h5 55. a5 Kg6 56. Ra3 Rb1+ 57. Kc4 Rb8 58. a6 h4 59.
a7 Ra8 60. Ra5 h3 61. Rg5+ Kf6 62. Rh5 Rxa7 63. Rxh3 Ra4+ 64. Kd5 Ra5+ 65. Kd6
Ra6+ 66. Kc7 Ra7+ 67. Kb6 Ra4 68. Re3 Ke6 69. Kc5 f5 70. exf5+ Kxf5 71. Rc3
Kxf4 72. Rc4+ Rxc4+ 73. Kxc4 1/2-1/2

[Event "Rabat (blitz) 2015"]
[Site "Rabat MAR"]
[Date "2015.05.16"]
[Round "11"]
[White "Peralta, Fernando"]
[Black "L'Ami, Erwin"]
[Result "1/2-1/2"]
[WhiteElo "2556"]
[BlackElo "2635"]
[PlyCount "100"]
[EventDate "2015.05.16"]

1. d4 Nf6 2. c4 e6 3. Nc3 Bb4 4. e3 O-O 5. Bd3 d5 6. Nf3 c5 7. O-O b6 8. cxd5
exd5 9. Ne5 Ba6 10. Bxa6 Nxa6 11. Ne2 Qd6 12. a3 Ba5 13. b3 b5 14. a4 b4 15.
Bb2 Ne4 16. Rc1 Rac8 17. Qd3 f6 18. Nf3 Qc6 19. Qb5 Qxb5 20. axb5 Nc7 21. dxc5
Nxb5 22. c6 Nec3 23. Nxc3 Nxc3 24. Nd4 Rf7 25. Rc2 Rfc7 26. Ra1 Bb6 27. Bxc3
bxc3 28. Rxc3 Bxd4 29. exd4 Rxc6 30. Rxc6 Rxc6 31. g3 a6 32. Ra5 Rd6 33. Kg2 g5
34. Rc5 Kg7 35. Kf3 Kg6 36. g4 h5 37. h3 h4 38. Ra5 Kf7 39. Kg2 Rb6 40. Kf1 Ke6
41. Ke2 Rxb3 42. Rxa6+ Rb6 43. Ra3 Rb4 44. Ke3 Rb1 45. Kf3 Rb4 46. Ra6+ Rb6 47.
Ra5 Rb3+ 48. Kg2 Kd6 49. Ra6+ Ke7 50. Ra5 Ke6 1/2-1/2

[Event "Rabat (blitz) 2015"]
[Site "Rabat MAR"]
[Date "2015.05.16"]
[Round "12"]
[White "L'Ami, Erwin"]
[Black "El Adnani, Mokliss"]
[Result "1-0"]
[WhiteElo "2635"]
[BlackElo "2399"]
[PlyCount "52"]
[EventDate "2015.05.16"]

1. d4 Nf6 2. c4 g6 3. Nc3 d5 4. cxd5 Nxd5 5. e4 Nxc3 6. bxc3 Bg7 7. Nf3 c5 8.
Rb1 O-O 9. Be2 Qc7 10. O-O Nc6 11. d5 Ne5 12. c4 f5 13. exf5 Bxf5 14. Rb3 Nxf3+
15. Bxf3 Rad8 16. Bb2 Bxb2 17. Rxb2 b6 18. Re1 Rf7 19. Rbe2 Rdf8 20. Re3 Qd6
21. Qa4 Qc7 22. Qb3 Bc8 23. Re5 Qd6 24. Qe3 Rf4 25. Rxe7 Rxc4 26. Qh6 Qd8 1-0

[Event "Rabat (blitz) 2015"]
[Site "Rabat MAR"]
[Date "2015.05.16"]
[Round "13"]
[White "Daoudi, Kamal"]
[Black "L'Ami, Erwin"]
[Result "0-1"]
[WhiteElo "2129"]
[BlackElo "2635"]
[PlyCount "68"]
[EventDate "2015.05.16"]

1. e4 e5 2. Nf3 Nc6 3. Bb5 Nf6 4. O-O Bc5 5. Nxe5 Nxe5 6. d4 c6 7. dxe5 Nxe4 8.
Bd3 d5 9. Bxe4 dxe4 10. Qxd8+ Kxd8 11. Nc3 Bf5 12. Re1 Bb4 13. Bd2 Bxc3 14.
Bxc3 Ke7 15. Rad1 Rhd8 16. h3 h5 17. Kh2 Ke6 18. Kg3 e3 19. fxe3 Bxc2 20. Rd4
c5 21. Rf4 b6 22. Ref1 Bg6 23. Kh4 Rd3 24. R4f3 a5 25. a3 b5 26. e4 Rd7 27.
R3f2 b4 28. Be1 Bxe4 29. Bd2 Bg6 30. Bf4 Rd4 31. Kg5 h4 32. g4 hxg3 33. Bxg3
Rh8 34. Rf4 Kxe5 0-1

[Event "Rabat (blitz) 2015"]
[Site "Rabat MAR"]
[Date "2015.05.16"]
[Round "15"]
[White "L'Ami, Erwin"]
[Black "Dourerassou, Jonathan"]
[Result "1-0"]
[WhiteElo "2635"]
[BlackElo "2414"]
[PlyCount "125"]
[EventDate "2015.05.16"]

1. d4 Nf6 2. c4 g6 3. Nc3 d5 4. Nf3 Bg7 5. Bf4 O-O 6. Rc1 c6 7. e3 Bg4 8. Qb3
Bxf3 9. gxf3 Qb6 10. Be5 dxc4 11. Bxc4 Nbd7 12. f4 Rac8 13. Qxb6 axb6 14. a4
Ra8 15. Ke2 Rfc8 16. Rhd1 Ne8 17. Bxg7 Kxg7 18. b3 Ra5 19. Ne4 Nd6 20. Nxd6
exd6 21. d5 c5 22. e4 Nf6 23. Kf3 Re8 24. Re1 Raa8 25. Re3 h5 26. h3 Ng8 27. e5
Rad8 28. Rce1 dxe5 29. fxe5 Ne7 30. Rd3 Nf5 31. Re4 f6 32. e6 Nd6 33. Re1 g5
34. h4 Re7 35. Ke2 g4 36. Rh1 f5 37. Ke3 Kf6 38. Kf4 Rg7 39. Re1 Nc8 40. Bb5
Rd6 41. Bc4 Ne7 42. Kg3 Ng6 43. f4 gxf3 44. Rxf3 Ne5+ 45. Kf2 Nxf3 46. Kxf3 Rd8
47. Re2 Rd6 48. Re1 Rd8 49. Re2 Ke7 50. Kf4 Kf6 51. Kf3 Rg4 52. e7 Re8 53. d6
Rd4 54. Re6+ Kg7 55. Bb5 Rxd6 56. Rxd6 Rxe7 57. Rxb6 Re4 58. Rxb7+ Kf6 59. Bc4
Rxh4 60. a5 Rh3+ 61. Kg2 Re3 62. a6 Re8 63. a7 1-0

[Event "Rabat (blitz) 2015"]
[Site "Rabat MAR"]
[Date "2015.05.16"]
[Round "16"]
[White "L'Ami, Erwin"]
[Black "Libiszewski, Fabien"]
[Result "1/2-1/2"]
[WhiteElo "2635"]
[BlackElo "2531"]
[PlyCount "152"]
[EventDate "2015.05.16"]

1. d4 Nf6 2. c4 g6 3. Nc3 Bg7 4. e4 d6 5. Nf3 O-O 6. Be2 Nbd7 7. O-O e5 8. Be3
Qe7 9. dxe5 dxe5 10. Nd5 Qd8 11. Nxf6+ Nxf6 12. Nd2 Qe7 13. a4 Rd8 14. Qc2 Bg4
15. f3 Be6 16. Rfd1 Nh5 17. Bf1 f5 18. exf5 gxf5 19. Nb3 b6 20. Rxd8+ Rxd8 21.
Rd1 Rxd1 22. Qxd1 c5 23. Nc1 Nf6 24. b3 e4 25. Bf2 Bc8 26. Ne2 Bb7 27. Ng3 e3
28. Be1 Qe5 29. Qd8+ Bf8 30. Ne2 Qd6 31. Qxd6 Bxd6 32. Bc3 Kf7 33. Nc1 f4 34.
Bd3 h6 35. Ne2 Ke6 36. a5 Be5 37. Be1 Ne8 38. axb6 axb6 39. Bh4 Nd6 40. Bd8 Nc8
41. Kf1 Kd7 42. Bh4 Nd6 43. Ke1 Bc6 44. Kd1 Ke6 45. Kc2 Nc8 46. Bd8 Kd7 47. Bh4
Ke6 48. Be1 Nd6 49. Kc1 Nf5 50. Bxf5+ Kxf5 51. Bc3 Bc7 52. Kc2 h5 53. Kd3 Bd7
54. Kc2 Kg6 55. Bh8 Bf5+ 56. Kc3 Kf7 57. Nc1 Ke6 58. Ne2 Bd6 59. Nc1 Bc7 60.
Ne2 Kf7 61. Nc1 Kg6 62. Ne2 Bd7 63. Kd3 Bf5+ 64. Kc3 Kf7 65. Nc1 Bd7 66. Ne2 b5
67. Kd3 Bf5+ 68. Kc3 Ba5+ 69. Kb2 bxc4 70. Nxf4 cxb3 71. Kxb3 Bc7 72. g3 Bxf4
73. gxf4 Be6+ 74. Kc3 Kg6 75. Kd3 Kf5 76. Kxe3 Bd5 1/2-1/2

[Event "Rabat (blitz) 2015"]
[Site "Rabat MAR"]
[Date "2015.05.16"]
[Round "17"]
[White "Ali, Sebbar"]
[Black "L'Ami, Erwin"]
[Result "0-1"]
[WhiteElo "2393"]
[BlackElo "2635"]
[PlyCount "96"]
[EventDate "2015.05.16"]

1. e4 e5 2. Nf3 Nc6 3. d4 exd4 4. Nxd4 Bc5 5. Be3 Bxd4 6. Bxd4 Nxd4 7. Qxd4 Qf6
8. Qxf6 Nxf6 9. Nc3 d6 10. Bb5+ c6 11. Be2 b5 12. f3 Ke7 13. O-O-O Be6 14. b3
a5 15. Rd2 g5 16. Kb2 a4 17. Rhd1 Rhd8 18. Bf1 h6 19. Ne2 axb3 20. axb3 Ra6 21.
Nd4 Bd7 22. Ne2 Be6 23. Nd4 Ne8 24. Nxe6 fxe6 25. e5 d5 26. Ra1 Rxa1 27. Kxa1
b4 28. Kb2 Ng7 29. c3 bxc3+ 30. Kxc3 Ra8 31. Bd3 c5 32. Rc2 Kd7 33. Kb2 Kc6 34.
Rf2 Rf8 35. g3 Nf5 36. f4 Ne3 37. Kc1 Ng4 38. Ra2 gxf4 39. gxf4 Rxf4 40. Ra6+
Kd7 41. Ra7+ Kd8 42. Bb5 Nxe5 43. Rh7 Rh4 44. Kd2 Rxh2+ 45. Ke3 Rh4 46. Kf2 Rb4
47. Ba4 c4 48. Rxh6 Ke7 0-1

[Event "Rabat (blitz) 2015"]
[Site "Rabat MAR"]
[Date "2015.05.16"]
[Round "18"]
[White "L'Ami, Erwin"]
[Black "Choukri, Adel"]
[Result "1-0"]
[WhiteElo "2635"]
[BlackElo "2231"]
[PlyCount "61"]
[EventDate "2015.05.16"]

1. d4 Nf6 2. c4 g6 3. Nc3 Bg7 4. e4 d6 5. Nf3 O-O 6. Be2 e5 7. O-O Nc6 8. dxe5
dxe5 9. Bg5 Re8 10. Qxd8 Rxd8 11. Nd5 Nxd5 12. cxd5 f6 13. dxc6 fxg5 14. cxb7
Bxb7 15. Bc4+ Kh8 16. Nxg5 Rd4 17. Rac1 h6 18. Ne6 Rd2 19. Bb3 Bxe4 20. Nxg7
Kxg7 21. Rxc7+ Kf6 22. Re1 Bf5 23. Rc6+ Kg5 24. Rxe5 Rxb2 25. g3 Rd8 26. h4+
Kg4 27. Kg2 Rd4 28. Rxg6+ Bxg6 29. Be6+ Bf5 30. Bxf5+ Kh5 31. Bc2+ 1-0

[Event "Rabat (blitz) 2015"]
[Site "Rabat MAR"]
[Date "2015.05.16"]
[Round "19"]
[White "Elkholti, Achraf"]
[Black "L'Ami, Erwin"]
[Result "0-1"]
[WhiteElo "2268"]
[BlackElo "2635"]
[PlyCount "94"]
[EventDate "2015.05.16"]

1. e4 e5 2. Nf3 Nc6 3. d4 exd4 4. Nxd4 Bc5 5. Be3 Bxd4 6. Bxd4 Nxd4 7. Qxd4 Qf6
8. Qxf6 Nxf6 9. Nc3 d6 10. Bd3 c6 11. O-O g5 12. Rfe1 Nd7 13. Rad1 Ne5 14. Ne2
Be6 15. Ng3 Ke7 16. b3 Rad8 17. c4 h5 18. Ne2 h4 19. f4 gxf4 20. Nxf4 h3 21.
Nxe6 fxe6 22. Re3 hxg2 23. Rg3 Rh4 24. Rd2 Rdh8 25. Rdxg2 R8h7 26. Bc2 c5 27.
Rg7+ Kf6 28. Rxh7 Rxh7 29. Kf2 Rh8 30. Bb1 a6 31. Bc2 b5 32. cxb5 axb5 33. Ke3
b4 34. Rf2+ Ke7 35. Rg2 Rh3+ 36. Ke2 Kf6 37. Rf2+ Ke7 38. Rg2 Nc6 39. Bd3 Nd4+
40. Kd2 Nf3+ 41. Ke3 Ne5+ 42. Rg3 Rxh2 43. Bb5 Rxa2 44. Rg8 Ra3 45. Kf4 Rxb3
46. Rg2 Rf3+ 47. Kg5 b3 0-1

[Event "Rabat (blitz) 2015"]
[Site "Rabat MAR"]
[Date "2015.05.16"]
[Round "20"]
[White "L'Ami, Erwin"]
[Black "Becham, Khalid"]
[Result "1-0"]
[WhiteElo "2635"]
[BlackElo "2080"]
[PlyCount "81"]
[EventDate "2015.05.16"]

1. d4 Nf6 2. c4 e5 3. dxe5 Ng4 4. Bf4 Nc6 5. Nf3 Bb4+ 6. Nbd2 Qe7 7. e3 O-O 8.
Be2 Ngxe5 9. Nxe5 Nxe5 10. O-O a5 11. Qc2 Bxd2 12. Qxd2 d6 13. Qc3 Bf5 14. c5
Ng6 15. cxd6 Nxf4 16. dxe7 Nxe2+ 17. Kh1 Nxc3 18. exf8=Q+ Kxf8 19. bxc3 c5 20.
f3 Bd3 21. Rfd1 c4 22. a4 Ra6 23. Kg1 Rb6 24. Ra2 Rb3 25. Rc1 Ke7 26. Kf2 Kd6
27. e4 Kc5 28. Ke3 b5 29. axb5 Kxb5 30. Rca1 Rxc3 31. Rxa5+ Kb4 32. Kd4 Rc2 33.
Ra8 Kb5 34. R8a2 Kb4 35. Rxc2 Bxc2 36. Ra7 Ba4 37. Rb7+ Bb5 38. Rxf7 c3 39. Rc7
Bf1 40. Rxc3 Bxg2 41. e5 1-0

[Event "Rabat (blitz) 2015"]
[Site "Rabat MAR"]
[Date "2015.05.16"]
[Round "21"]
[White "Le Huec, Marc"]
[Black "L'Ami, Erwin"]
[Result "1/2-1/2"]
[WhiteElo "2236"]
[BlackElo "2635"]
[PlyCount "22"]
[EventDate "2015.05.16"]

1. d4 Nf6 2. c4 e6 3. Nc3 Bb4 4. e3 O-O 5. Nge2 d5 6. a3 Be7 7. cxd5 exd5 8.
Nf4 c6 9. Be2 Na6 10. g4 Nc7 11. g5 Ne4 1/2-1/2

[Event "4th FIDE Grand Prix Series 2014/15"]
[Site "Khanty-Mansiysk RUS"]
[Date "2015.05.17"]
[Round "4"]
[White "Gelfand, Boris"]
[Black "Giri, Anish"]
[Result "1/2-1/2"]
[WhiteElo "2744"]
[BlackElo "2776"]
[PlyCount "79"]
[EventDate "2015.05.14"]

1. d4 Nf6 2. c4 e6 3. Nf3 d5 4. Nc3 Bb4 5. Bg5 h6 6. Bxf6 Qxf6 7. e3 O-O 8. Rc1
dxc4 9. Bxc4 c5 10. O-O cxd4 11. Ne4 Qe7 12. Nxd4 Bd7 13. Bd3 Nc6 14. Nb3 Na5
15. Rc7 Rfd8 16. a3 Nxb3 17. Qxb3 Ba5 18. Rxb7 Ba4 19. Rxe7 Bxb3 20. Nc5 Bb6
21. Nxb3 Rxd3 22. Nd4 Bxd4 23. exd4 Rb8 24. Rxa7 Rxb2 25. Ra4 Ra2 26. h4 g6 27.
g3 Kg7 28. Kg2 g5 29. hxg5 hxg5 30. g4 Kf6 31. Re1 Rdd2 32. Rf1 Rd3 33. Re1
Rdxa3 34. Rxa3 Rxa3 35. Rd1 Ke7 36. d5 e5 37. Rb1 Rd3 38. Rb7+ Kf6 39. Rb6+ Ke7
40. Rb7+ 1/2-1/2

[Event "4th FIDE Grand Prix Series 2014/15"]
[Site "Khanty-Mansiysk RUS"]
[Date "2015.05.17"]
[Round "4"]
[White "Svidler, Peter"]
[Black "Karjakin, Sergey"]
[Result "1/2-1/2"]
[WhiteElo "2734"]
[BlackElo "2753"]
[PlyCount "61"]
[EventDate "2015.05.14"]

1. Nf3 Nf6 2. g3 c5 3. Bg2 Nc6 4. d4 cxd4 5. Nxd4 e5 6. Nb3 d5 7. Bg5 Be6 8.
O-O Be7 9. Bxf6 Bxf6 10. c4 dxc4 11. Nc5 e4 12. Nd2 Bxb2 13. Nxe6 fxe6 14. Rb1
c3 15. Bxe4 Qxd2 16. Qxd2 cxd2 17. Rxb2 O-O-O 18. Rd1 Rd4 19. f3 Rhd8 20. Bxh7
Ne5 21. h4 a6 22. Rc2+ Kb8 23. h5 Rh8 24. Be4 Rxh5 25. Rcxd2 Rxd2 26. Rxd2 Kc7
27. Kg2 Nc4 28. Rd4 Nd6 29. Bc2 Rc5 30. Bb3 Kd7 31. Rg4 1/2-1/2

[Event "4th FIDE Grand Prix Series 2014/15"]
[Site "Khanty-Mansiysk RUS"]
[Date "2015.05.17"]
[Round "4"]
[White "Tomashevsky, Evgeny"]
[Black "Jakovenko, Dmitry"]
[Result "1/2-1/2"]
[WhiteElo "2749"]
[BlackElo "2738"]
[PlyCount "87"]
[EventDate "2015.05.14"]

1. d4 Nf6 2. c4 e6 3. g3 Bb4+ 4. Bd2 Bxd2+ 5. Qxd2 d5 6. Bg2 c6 7. Nf3 Nbd7 8.
O-O b6 9. Rc1 O-O 10. Ne5 Bb7 11. cxd5 cxd5 12. Nc3 a6 13. Na4 Qb8 14. Qf4 Nh5
15. Qg5 Nhf6 16. Nxd7 Nxd7 17. Qe7 Ra7 18. Qxd7 Ba8 19. Nxb6 Qxb6 20. Qa4 Qxb2
21. e3 Rb8 22. Bf1 g6 23. Bd3 Qd2 24. Qa3 a5 25. Rc2 Qb4 26. Qc1 Qd6 27. a4 Kg7
28. Bb5 Re7 29. Rc5 Bb7 30. Qc3 Ra8 31. Rc1 Qd8 32. h4 Ba6 33. Bxa6 Rxa6 34.
Rb1 Raa7 35. Rbb5 Reb7 36. Rxb7 Rxb7 37. Rxa5 Rb1+ 38. Kg2 Qb8 39. Qc5 Ra1 40.
Rb5 Qd8 41. a5 Ra2 42. Qc3 h5 43. Rb6 Ra4 44. Rb5 1/2-1/2

[Event "4th FIDE Grand Prix Series 2014/15"]
[Site "Khanty-Mansiysk RUS"]
[Date "2015.05.17"]
[Round "4"]
[White "Vachier-Lagrave, Maxime"]
[Black "Caruana, Fabiano"]
[Result "0-1"]
[WhiteElo "2754"]
[BlackElo "2803"]
[PlyCount "86"]
[EventDate "2015.05.14"]

1. d4 Nf6 2. c4 e6 3. Nf3 d5 4. Nc3 Bb4 5. cxd5 exd5 6. Bg5 Nbd7 7. Rc1 c6 8.
e3 Qa5 9. Bd3 Ne4 10. O-O Nxg5 11. Nxg5 Nf6 12. Qc2 h6 13. Nf3 Bd6 14. Ne5 Ng4
15. Nf3 Nf6 16. h3 O-O 17. Ne5 a6 18. f4 c5 19. g4 cxd4 20. exd4 Be6 21. Qb3 b5
22. f5 Qb6 23. Nf3 Bc8 24. Kg2 Bb7 25. Na4 Qa7 26. Nc5 Rac8 27. a4 Bxc5 28.
dxc5 d4 29. axb5 axb5 30. Qxb5 Bc6 31. Qb6 Qd7 32. Kg1 Rfe8 33. Rce1 Rxe1 34.
Nxe1 Re8 35. Ng2 Nd5 36. Qb3 Ne3 37. Nxe3 dxe3 38. Qc4 Qc7 39. Qf4 Qxf4 40.
Rxf4 e2 41. Bxe2 Rxe2 42. Rb4 Rg2+ 43. Kf1 Rc2 0-1

[Event "4th FIDE Grand Prix Series 2014/15"]
[Site "Khanty-Mansiysk RUS"]
[Date "2015.05.17"]
[Round "4"]
[White "Jobava, Baadur"]
[Black "Grischuk, Alexander"]
[Result "1/2-1/2"]
[WhiteElo "2699"]
[BlackElo "2780"]
[PlyCount "46"]
[EventDate "2015.05.14"]

1. e4 e5 2. Nf3 Nc6 3. Bc4 Bc5 4. c3 Nf6 5. d4 exd4 6. e5 d5 7. Bb5 Ne4 8. cxd4
Bb6 9. h3 O-O 10. O-O f6 11. Bxc6 bxc6 12. Be3 fxe5 13. Nxe5 Ba6 14. Re1 Ba5
15. Nxc6 Qh4 16. Nxa5 Rxf2 17. Nc3 Rxg2+ 18. Kxg2 Qg3+ 19. Kh1 Qxh3+ 20. Kg1
Qg3+ 21. Kh1 Qh3+ 22. Kg1 Qg3+ 23. Kh1 Qh3+ 1/2-1/2

[Event "Czech Championship 2015"]
[Site "Havlí?k?v Brod"]
[Date "2015.05.15"]
[Round "1"]
[White "Navara (2751), GM David"]
[Black "Biolek (2461), IM Richard"]
[Result "1-0"]
[WhiteElo "2751"]
[BlackElo "2461"]
[PlyCount "69"]
[EventDate "2015.??.??"]

1. d4 Nf6 2. c4 g6 3. Nc3 Bg7 4. e4 d6 5. Nf3 O-O 6. h3 e5 7. d5 Nh5 8. g3 a5
9. Be3 Na6 10. Nd2 Bd7 11. Be2 Nf6 12. g4 Nc5 13. h4 a4 14. h5 c6 15. g5 Ne8
16. a3 Nc7 17. Kf1 Rb8 18. Kg2 b5 19. Qg1 cxd5 20. hxg6 Bh3+ 21. Rxh3 d4 22.
gxf7+ Rxf7 23. cxb5 d5 24. Kh1 dxe3 25. fxe3 d4 26. exd4 exd4 27. Na2 N7e6 28.
Bc4 Rbb7 29. Nb4 Nxg5 30. Nc6 Qc8 31. Rh5 h6 32. Rf1 Nce6 33. Rxf7 Rxf7 34.
Rxg5 hxg5 35. Qg4 1-0

[Event "Czech Championship 2015"]
[Site "Havlí?k?v Brod"]
[Date "2015.05.16"]
[Round "2"]
[White "Navara (2751), GM David"]
[Black "Rausis (2590), GM Igors"]
[Result "1/2-1/2"]
[WhiteElo "2751"]
[BlackElo "2590"]
[PlyCount "80"]
[EventDate "2015.??.??"]

1. d4 Nf6 2. c4 e6 3. Nf3 b6 4. g3 Bb7 5. Bg2 Be7 6. O-O O-O 7. Re1 c5 8. d5
exd5 9. Nh4 Ne4 10. cxd5 Bxh4 11. Bxe4 Bf6 12. Qc2 h6 13. Bf4 Na6 14. Nc3 Re8
15. Bg2 d6 16. Rad1 Nc7 17. Ne4 Be5 18. Bc1 Bc8 19. f4 Bd4+ 20. e3 Bf6 21.
Nxf6+ Qxf6 22. b3 Bg4 23. Rd2 h5 24. Bb2 Qh6 25. h3 Bd7 26. Bf3 a5 27. Qd1 Re7
28. Bxh5 Rae8 29. Kf2 Bf5 30. Bf3 Be4 31. Bxe4 Rxe4 32. Qg4 b5 33. h4 b4 34.
Qf5 Nb5 35. Rd3 c4 36. bxc4 Rxc4 37. Re2 a4 38. Bd4 Qh7 39. Qd7 Rb8 40. e4 Qh5
1/2-1/2

[Event "Czech Championship 2015"]
[Site "Havlí?k?v Brod"]
[Date "2015.05.17"]
[Round "3"]
[White "Kraus (2402), FM Tomas"]
[Black "Navara (2751), GM David"]
[Result "0-1"]
[WhiteElo "2402"]
[BlackElo "2751"]
[PlyCount "40"]
[EventDate "2015.??.??"]

1. e4 c5 2. Nf3 d6 3. d4 cxd4 4. Nxd4 Nf6 5. f3 e5 6. Nb3 d5 7. Bg5 d4 8. c3
Nc6 9. Bb5 Qb6 10. Bxc6+ bxc6 11. cxd4 Ba6 12. dxe5 Nd7 13. Qd4 Qxd4 14. Nxd4
Nxe5 15. Kd2 h6 16. Bh4 g5 17. Bg3 Bg7 18. Na3 O-O-O 19. Kc3 Nxf3 20. gxf3 Rxd4
0-1

[Event "Czech Championship 2015"]
[Site "Havlí?k?v Brod"]
[Date "2015.05.18"]
[Round "4"]
[White "Navara (2751), GM David"]
[Black "Babula (2542), GM Vlastimil"]
[Result "1/2-1/2"]
[WhiteElo "2751"]
[BlackElo "2542"]
[PlyCount "70"]
[EventDate "2015.??.??"]

1. e4 c5 2. Nf3 e6 3. d4 cxd4 4. Nxd4 Nc6 5. Nc3 d6 6. g4 Nge7 7. Be3 a6 8. f4
Nxd4 9. Qxd4 e5 10. fxe5 Nc6 11. Qb6 Qxb6 12. Bxb6 Bxg4 13. exd6 Bxd6 14. Rg1
Bh5 15. Nd5 Kf8 16. Bd3 Ne5 17. Kf2 Rc8 18. Rg2 f6 19. Rag1 Bf7 20. Ke2 Bxd5
21. exd5 g6 22. Bd4 Kf7 23. Bxe5 Rhe8 24. c4 Rxe5+ 25. Kd1 Re3 26. Kc2 a5 27.
h4 Rh3 28. h5 Rxh5 29. Rxg6 Rxc4+ 30. Kb1 hxg6 31. Bxg6+ Kf8 32. Bxh5 Rd4 33.
Bg4 Rxd5 34. Rd1 Rxd1+ 35. Bxd1 Be5 1/2-1/2

[Event "4th FIDE Grand Prix Series 2014/15"]
[Site "Khanty-Mansiysk RUS"]
[Date "2015.05.19"]
[Round "5"]
[White "Grischuk, Alexander"]
[Black "Gelfand, Boris"]
[Result "1/2-1/2"]
[WhiteElo "2780"]
[BlackElo "2744"]
[PlyCount "56"]
[EventDate "2015.05.14"]

1. e4 c5 2. Nf3 d6 3. d4 cxd4 4. Qxd4 Nc6 5. Bb5 Bd7 6. Qd3 Nf6 7. Bg5 Ng4 8.
h3 Nge5 9. Nxe5 Nxe5 10. Bxd7+ Qxd7 11. Qb3 e6 12. Na3 Be7 13. Bxe7 Qxe7 14.
Qb5+ Nc6 15. O-O-O O-O 16. Rd2 Rad8 17. Rhd1 a6 18. Qb6 d5 19. exd5 Rxd5 20.
Rxd5 exd5 21. Rxd5 Nb4 22. Rd1 Nxa2+ 23. Kb1 Nb4 24. Qd6 Qe2 25. Rd2 Qe1+ 26.
Rd1 Qe2 27. Rd2 Qe1+ 28. Rd1 Qe2 1/2-1/2

[Event "4th FIDE Grand Prix Series 2014/15"]
[Site "Khanty-Mansiysk RUS"]
[Date "2015.05.19"]
[Round "5"]
[White "Jakovenko, Dmitry"]
[Black "Vachier-Lagrave, Maxime"]
[Result "1-0"]
[WhiteElo "2738"]
[BlackElo "2754"]
[PlyCount "79"]
[EventDate "2015.05.14"]

1. Nf3 Nf6 2. c4 g6 3. Nc3 d5 4. cxd5 Nxd5 5. g3 Bg7 6. Bg2 O-O 7. h4 e5 8.
Nxd5 Qxd5 9. d3 Nc6 10. h5 Bg4 11. hxg6 hxg6 12. Rh4 Qd7 13. Qa4 Be6 14. Rh2
Ne7 15. Qxd7 Bxd7 16. Bh6 Bxh6 17. Nxe5 Bb5 18. Rxh6 Nf5 19. Rh2 Rfe8 20. Ng4
Nd4 21. Nf6+ Kg7 22. Nxe8+ Rxe8 23. Kf1 Nxe2 24. Bxb7 Bxd3 25. Kg2 Rb8 26. Rd1
Bf5 27. Rd2 Nxg3 28. Kxg3 Rxb7 29. Rh4 Be6 30. b3 c6 31. Rd8 Rb5 32. Ra4 Rc5
33. Kf3 Bd5+ 34. Ke3 Rc2 35. Rxa7 g5 36. Rd6 Rb2 37. Ra4 f6 38. b4 Kg6 39. a3
Kf5 40. Ra5 1-0

[Event "4th FIDE Grand Prix Series 2014/15"]
[Site "Khanty-Mansiysk RUS"]
[Date "2015.05.19"]
[Round "5"]
[White "Karjakin, Sergey"]
[Black "Tomashevsky, Evgeny"]
[Result "1-0"]
[WhiteElo "2753"]
[BlackElo "2749"]
[PlyCount "197"]
[EventDate "2015.05.14"]

1. Nf3 Nf6 2. g3 d5 3. Bg2 c6 4. c4 Bf5 5. O-O e6 6. cxd5 exd5 7. d3 Bc5 8. Qb3
Bb6 9. Nc3 O-O 10. Na4 Re8 11. Bf4 Nbd7 12. Nxb6 axb6 13. Qc2 b5 14. Nd4 Bg6
15. b4 Qe7 16. a3 Nf8 17. Bc1 Ne6 18. Nf3 Nd7 19. Bb2 Nb6 20. Rae1 Nc4 21. Bc1
Nd6 22. Bb2 Nc4 23. Bc1 Nd6 24. Qb3 Bh5 25. Bb2 Rad8 26. h3 Bxf3 27. Bxf3 Qg5
28. e3 Qg6 29. Bg2 Re7 30. h4 Rde8 31. Qd1 Nf8 32. Bh3 h5 33. Qf3 Nd7 34. Qf4
Ne5 35. Rd1 Ng4 36. Rfe1 Qf5 37. Qxf5 Nxf5 38. Ra1 Ra8 39. Red1 Nd6 40. Kg2
Ree8 41. Kf3 Ne5+ 42. Ke2 Ng4 43. Rd2 f6 44. Kd1 Kf7 45. Kc2 Ne5 46. Kb3 Ra4
47. Bf1 Raa8 48. Be2 Ng4 49. Bf3 Ra6 50. Re1 Kg6 51. Bd1 Kf7 52. Ka2 Raa8 53.
Kb1 Kg8 54. Kc1 Kh8 55. Rh1 Kh7 56. Bc2 Kg8 57. Kd1 Kf7 58. Ke2 Nf5 59. Kf3 Nd6
60. Kg2 Kg8 61. Re1 Kf7 62. Rde2 Re7 63. Ra1 Ree8 64. Ree1 Ne5 65. Red1 Ra6 66.
Kf1 Rea8 67. Bb3 Kg6 68. Ke2 Kh7 69. Ra2 Nc8 70. e4 Nb6 71. f4 Ng4 72. Bd4 Nc8
73. exd5 Ne7 74. dxc6 bxc6 75. a4 bxa4 76. Bc4 Nf5 77. Bc5 Re8+ 78. Kd2 Raa8
79. Bf7 Red8 80. Bxh5 Ngh6 81. Bf3 Nxg3 82. Bxc6 Rac8 83. Bb7 Rc7 84. Bf3 Rcd7
85. Kc3 Nhf5 86. Bc6 Rc7 87. b5 Rcc8 88. Re1 Nxh4 89. Rxa4 Nhf5 90. Rc4 g6 91.
Bf3 Nh4 92. Re7+ Kh6 93. Bb7 Rb8 94. Ba7 Nhf5 95. Bxb8 Nxe7 96. Bc7 Rd7 97. b6
Ne2+ 98. Kd2 Nd4 99. Bg2 1-0

[Event "4th FIDE Grand Prix Series 2014/15"]
[Site "Khanty-Mansiysk RUS"]
[Date "2015.05.19"]
[Round "5"]
[White "Giri, Anish"]
[Black "Dominguez Perez, Leinier"]
[Result "1/2-1/2"]
[WhiteElo "2776"]
[BlackElo "2734"]
[PlyCount "88"]
[EventDate "2015.05.14"]

1. d4 Nf6 2. c4 e6 3. Nf3 Bb4+ 4. Nbd2 O-O 5. a3 Be7 6. e4 d5 7. e5 Nfd7 8. Bd3
c5 9. O-O Nc6 10. Re1 a5 11. Bc2 Re8 12. h3 Qc7 13. cxd5 exd5 14. e6 fxe6 15.
Rxe6 Nf6 16. Re1 Bd7 17. dxc5 Bxc5 18. Rxe8+ Rxe8 19. Nb3 Bb6 20. Bg5 Qd6 21.
Bxf6 gxf6 22. Qd3 Re7 23. Rd1 Ne5 24. Nxe5 Qxe5 25. Nd2 Kh8 26. Qb3 Bc5 27. Nf3
Qg3 28. Nd4 Qe5 29. Nf3 Qe2 30. Rd2 Bxf2+ 31. Kh2 Qe3 32. Qxe3 Bxe3 33. Rxd5
Bb6 34. Bf5 Bc6 35. Rd2 Bc7+ 36. Kg1 Bg3 37. Bd3 Rd7 38. Be4 Rxd2 39. Nxd2 Bf4
40. Bxc6 Bxd2 41. Bxb7 a4 42. Bc6 Bc1 43. Bxa4 Bxb2 44. Kf1 Bxa3 1/2-1/2

[Event "4th FIDE Grand Prix Series 2014/15"]
[Site "Khanty-Mansiysk RUS"]
[Date "2015.05.20"]
[Round "6"]
[White "Gelfand, Boris"]
[Black "Dominguez Perez, Leinier"]
[Result "1/2-1/2"]
[WhiteElo "2744"]
[BlackElo "2734"]
[PlyCount "126"]
[EventDate "2015.05.14"]

1. d4 Nf6 2. c4 e6 3. Nf3 Bb4+ 4. Nbd2 O-O 5. a3 Be7 6. e4 d5 7. e5 Nfd7 8. Bd3
c5 9. O-O Nc6 10. Re1 a5 11. Bc2 Qc7 12. dxc5 Nxc5 13. Nb3 Nxb3 14. Qd3 g6 15.
Bxb3 Rd8 16. Bf4 a4 17. Ba2 dxc4 18. Qxc4 b5 19. Qxb5 Ra5 20. Qf1 Nd4 21. Nxd4
Rxd4 22. Rec1 Qb8 23. Be3 Ba6 24. Qe1 Rxe5 25. Bxd4 Rxe1+ 26. Rxe1 Bb7 27. Rad1
Qf4 28. Be5 Qg5 29. Bg3 Bf6 30. Rd7 Qb5 31. Rd2 h5 32. Bb1 h4 33. Bf4 Qc4 34.
g3 e5 35. Bd3 Qe6 36. Bb5 Qg4 37. Be2 Qf5 38. Bd3 Qg4 39. Be2 Bf3 40. Bxf3 Qxf3
41. Re3 Qc6 42. Bxe5 Qc1+ 43. Kg2 h3+ 44. Kxh3 Bxe5 45. Rd8+ Kg7 46. Rxe5 Qf1+
47. Kg4 Qxf2 48. Rde8 Qxb2 49. Re2 Qxa3 50. R8e3 Qc1 51. Kf3 a3 52. Kf2 Qa1 53.
Kg2 Qd1 54. Kf2 Qa1 55. Kg2 f5 56. Rf3 Kh6 57. Ref2 Kg7 58. Re2 Kh6 59. Ref2
Kh7 60. Re2 Kg7 61. Ref2 Kh6 62. Re2 Kg7 63. Ref2 Kh6 1/2-1/2